[Event "IECG CM.1998.0.00054"]
[Site "IECG email"]
[Date "1998.??.??"]
[Round "?"]
[White "De Oliveira, Marcio Barbosa"]
[Black "MacDonald, David G"]
[Result "0-1"]
[WhiteElo "2282"]
[BlackElo "2275"]
[PlyCount "94"]
[EventDate "1998.07.29"]
[EventType "tourn (corr)"]
[EventRounds "6"]
[SourceTitle "Corr 2008"]
[Source "ChessBase"]
[SourceDate "2008.06.24"]
[SourceVersion "1"]
[SourceVersionDate "2008.06.24"]
[SourceQuality "1"]

1. e4 e6 2. d4 d5 3. Nc3 Nf6 4. e5 Nfd7 5. f4 c5 6. Nf3 Nc6 7. Be3 cxd4 8. Nxd4 Bc5 9. Qd2 0-0 10. 0-0-0 a6 11. h4 Qc7 12. h5 b5 13. h6 g6 14. Nxc6 Qxc6 15. Bxc5 Nxc5 16. Ne2 f5 17. Nd4 Qb6 18. g4 fxg4 19. Bg2 Ra7 20. Rh4 Rc7 21. Rxg4 Bb7 22. b4 Ne4 23. Bxe4 dxe4 24. Nb3 Bd5 25. Qe1 Rfc8 26. Rg2 Rc3 27. Qh4 e3 28. Qf6 Qc7 29. Nc5 Qf7 30. Qxf7+ Kxf7 31. Re2 a5 32. Nb7 Ke7 33. Nd6 R8c6 34. f5 Bf3 35. f6+ Kf8 36. Nxb5 Bxe2 37. Rd8+ Kf7 38. Rd7+ Ke8 39. Re7+ Kf8 40. Nxc3 Rxc3 41. Rxh7 Bd3 42. Rh8+ Kf7 43. Rh7+ Ke8 44. Kb2 Rxc2+ 45. Kb3 g5 46. Re7+ Kf8 47. h7 Rh2 0-1

[Event "IECG CM.1998.0.00054"]
[Site "IECG email"]
[Date "1998.??.??"]
[Round "?"]
[White "MacDonald, David G"]
[Black "Brico, Pierre"]
[Result "1/2-1/2"]
[WhiteElo "2275"]
[BlackElo "2010"]
[PlyCount "114"]
[EventDate "1998.07.29"]
[EventType "tourn (corr)"]
[EventRounds "6"]
[SourceTitle "Corr 2008"]
[Source "ChessBase"]
[SourceDate "2008.06.24"]
[SourceVersion "1"]
[SourceVersionDate "2008.06.24"]
[SourceQuality "1"]

1. d4 Nf6 2. Nc3 d5 3. Bg5 Nbd7 4. f3 c6 5. e4 dxe4 6. fxe4 Qb6 7. Qd2 h6 8. Bf4 Qxb2 9. Rb1 Qa3 10. Bd3 e5 11. Bxe5 Nxe5 12. dxe5 Ng4 13. Nf3 Bc5 14. Rb3 Qa5 15. Nd1 Qxd2+ 16. Kxd2 0-0 17. h3 Nf2 18. Rf1 Nxd1 19. Kxd1 Re8 20. a4 b6 21. Bc4 Be6 22. Bxe6 Rxe6 23. Ke2 Rae8 24. Rd1 f6 25. Rbd3 fxe5 26. Rd7 a5 27. Rc7 R8e7 28. Rd8+ Kf7 29. Rcc8 Kg6 30. Rf8 Rd7 31. Rf5 Kh7 32. Rh5 Rg6 33. g4 Re7 34. Rf5 Rge6 35. Rff8 Rd7 36. Rfe8 Rxe8 37. Rxe8 b5 38. Nxe5 Rc7 39. Kd3 bxa4 40. Ra8 Bb6 41. Kc4 Re7 42. Nxc6 a3 43. Nxa5 Rxe4+ 44. Kb5 Bxa5 45. Kxa5 Rc4 46. Kb5 Rxc2 47. Rxa3 Rh2 48. Kc5 Kg6 49. Kd5 Kg5 50. Ra7 Rxh3 51. Rxg7+ Kf6 52. Rg8 Rh4 53. Ke4 Kf7 54. Ra8 Rxg4+ 55. Kf3 Rg6 56. Ra7+ Kg8 57. Ra8+ Kf7 1/2-1/2

[Event "IECG CP.1998.P.00036"]
[Site "IECG email"]
[Date "1998.??.??"]
[Round "?"]
[White "MacDonald, David G"]
[Black "Diehl, Achim"]
[Result "1-0"]
[WhiteElo "2275"]
[BlackElo "1897"]
[PlyCount "21"]
[EventDate "1998.10.01"]
[EventType "tourn (corr)"]
[EventRounds "6"]
[EventCountry "ENG"]
[SourceTitle "Corr 2008"]
[Source "ChessBase"]
[SourceDate "2008.06.24"]
[SourceVersion "1"]
[SourceVersionDate "2008.06.24"]
[SourceQuality "1"]

1. e4 e5 2. Bc4 Nc6 3. f4 d6 4. Nf3 Bg4 5. c3 Nf6 6. Qb3 Qd7 7. Bxf7+ Qxf7 8. Qxb7 Rb8 9. Qxc6+ Bd7 10. Qxc7 Rc8 11. Qxa7 1-0

[Event "IECG CP.1998.P.00036"]
[Site "IECG email"]
[Date "1998.??.??"]
[Round "?"]
[White "MacDonald, David G"]
[Black "Hucks, Lewis A"]
[Result "1-0"]
[WhiteElo "2275"]
[BlackElo "1749"]
[PlyCount "57"]
[EventDate "1998.10.01"]
[EventType "tourn (corr)"]
[EventRounds "6"]
[EventCountry "ENG"]
[SourceTitle "Corr 2008"]
[Source "ChessBase"]
[SourceDate "2008.06.24"]
[SourceVersion "1"]
[SourceVersionDate "2008.06.24"]
[SourceQuality "1"]

1. e4 e5 2. f4 exf4 3. Nf3 d6 4. Bc4 h6 5. d4 g5 6. g3 fxg3 7. hxg3 Bg7 8. Nxg5 hxg5 9. Rxh8 Bxh8 10. Qh5 Qf6 11. Bxg5 Qg7 12. Nc3 Nf6 13. Qh4 c6 14. 0-0-0 Nh7 15. Bf4 Nf8 16. Bxd6 Ng6 17. Qh5 Nd7 18. Rf1 Nf6 19. Be5 Nxh5 20. Bxg7 Bxg7 21. Bxf7+ Ke7 22. Bxg6 Bh6+ 23. Kb1 Nxg3 24. Rf3 Nxe4 25. Rf7+ Ke6 26. Nxe4 Kd5 27. c3 b6 28. Re7 Be6 29. Bf7 1-0